Statistiques concernant Richard célèbres

Cliquez ici pour prendre le quiz!

Statistiques générales

  • Ce quiz a été pris 66 fois
  • Le résultat moyen est 5 sur 7

Statistiques - réponses

DescriptifNom% Correct
37ème Président des États-Unis de 1969 à 1974.Nixon
98%
Roi d'Angleterre ayant mené la Troisième Croisade.Cœur de Lion
91%
Tennisman français ayant remporté la coupe Davis en 2017 ainsi que le titre en double mixte à Roland-Garros en 2004 aux côtés de Tatiana Golovin. 7ème au classement ATP en 2007, la qualité de son revers à une main est par ailleurs unanimement reconnue.Gasquet
88%
Compositeur de l'opéra Tristan und Isolde ainsi que du cycle de 4 opéras L'anneau du Nibelung (composé de L'or du Rhin, La Walkyrie, Siegfried et Le Crépuscule des dieux).Wagner
73%
Septuple vainqueur du classement de la montagne sur le Tour de France, performance inégalée et saluée par le public demeurant cependant entachée par l'affaire de dopage Festina en 1998.Virenque
72%
Ses rôles dans L'Addition et Le Grand Chemin lui vaudront respectivement le César du meilleur second rôle masculin et le César du meilleur acteur.Bohringer
42%
Compositeur des opéras Salomé, Elektra et Le Chevalier à la rose.Strauss
39%

Distribution des résultats

Percentile par nombre de réponses

% des personnes avec chaque résultat

Votre développement - résultats

Vous n’avez pas pris ce quiz